000 00359nam a2200145Ia 4500
008 230917s9999||||xx |||||||||||||| ||und||
040 _e79536
_aMAIN
041 _aEnglish
082 _a346.022 T718O
100 _aTreitel, G H
245 0 _aoutline of the law of contract
260 _aLondon
_bButterworths
_c1975
300 _axxvi, 383 p.
942 _cBK
999 _c187562
_d187562